Регионална библиотека "Любен Каравелов" - Русе

Всемирная история (Запис номер 101534)

MARC детайли
000 -Лидер
Контролно поле с фиксирана дължина 02906nam a2200841 c 4500
003 - Код на организацията, давaща контролен номер
Контролно поле BLK
005 - Дата и час на последна редакция
Контролно поле 20180420230109.0
008 - Елементи от данни с фиксирана дължина
fixed length control field 180409b bul|||||r ||||||| ||bul||
010 ## - Наследен системен номер
LC control number KNG00106584000
020 ## - Международен стандартен номер на книга ISBN
Международен стандартен номер на книга ISBN 985-433-989-0
-- издат.: Харвест
020 ## - Международен стандартен номер на книга ISBN
Международен стандартен номер на книга ISBN 985-13-0038-1
-- издат.: Харвест - на том(т. 8)
020 ## - Международен стандартен номер на книга ISBN
Международен стандартен номер на книга ISBN 5-17-001750-2
-- издат.: АСТ
040 ## - Източник на каталожния запис
Идентификатор на билиотеката - собственик на записа BLK
041 ## - Код за език
Код за езика на текст/звукозапис или на отделно заглавие Руски
Код за езика КДБФ Руски
080 ## - УДК
Текстов определител УДК Обща световна история. История на света
УДК код - определител по УДК 930.9
УДК определител
УДК - код + определител 930.9
080 ## - УДК
Текстов определител УДК История на Европа
УДК код - определител по УДК 94(4)
УДК определител
УДК - код + определител 94(4)
080 ## - УДК
Текстов определител УДК История на Азия
УДК код - определител по УДК 94(5)
УДК определител
УДК - код + определител 94(5)
100 1# - Редна дума - Автор
Автор Бадак, Александр Николаевич
Авторска отговорност първи автор
R(LIN) 35166
139 ## - Редно поле
Редна дума Всемирная история
Авторски знак Вс - В 88
245 10 - Сведения за заглавието
Заглавие Всемирная история
Подзаглавни данни Т. 1 -
Редно поле (дума) Александр Николаевич Бадак.
Том Т. 8
Заглавие на том Крестоносцы и монголы
257 ## - Страна на издаване
Страна на създаване/издаване Белорусия
-- Русия
260 ## - Област на издателските данни
-- Москва ; Минск
Име на издателя, разпространителя и проч. Харвест
-- АСТ
Година на издаване 2000 -
Печатница Минск : ПК им. Я. Коласа
300 ## - Физическа характеристика
Размери/Мащаб 21 см
380 ## - Жанр
Жанр История
500 ## - Общи забележки
Забележка Офс. изд.
650 #4 - Допълнително описание по предмет – тема
Основно описание – тема или топоним История, световна
9 (RLIN) 261939
650 #4 - Допълнително описание по предмет – тема
Основно описание – тема или топоним Средни векове - история и етнография
9 (RLIN) 247208
651 #4 - Допълнително описание по предмет - топоним
Географско понятие Европа
9 (RLIN) 244407
651 #4 - Допълнително описание по предмет - топоним
Географско понятие Азия
9 (RLIN) 253598
651 #4 - Допълнително описание по предмет - топоним
Географско понятие Африка
9 (RLIN) 246452
651 #4 - Допълнително описание по предмет - топоним
Географско понятие Китай
9 (RLIN) 242505
651 #4 - Допълнително описание по предмет - топоним
Географско понятие Тибет
9 (RLIN) 179656
651 #4 - Допълнително описание по предмет - топоним
Географско понятие Корея
9 (RLIN) 255833
651 #4 - Допълнително описание по предмет - топоним
Географско понятие Индокитай
9 (RLIN) 178951
651 #4 - Допълнително описание по предмет - топоним
Географско понятие Индия
9 (RLIN) 178950
651 #4 - Допълнително описание по предмет - топоним
Географско понятие Япония
9 (RLIN) 179845
651 #4 - Допълнително описание по предмет - топоним
Географско понятие Задкавказие
9 (RLIN) 178901
651 #4 - Допълнително описание по предмет - топоним
Географско понятие Иран
9 (RLIN) 178954
651 #4 - Допълнително описание по предмет - топоним
Географско понятие Англия
9 (RLIN) 178532
651 #4 - Допълнително описание по предмет - топоним
Географско понятие Германия
9 (RLIN) 178754
651 #4 - Допълнително описание по предмет - топоним
Географско понятие Франция
9 (RLIN) 179722
651 #4 - Допълнително описание по предмет - топоним
Географско понятие Италия
9 (RLIN) 178965
651 #4 - Допълнително описание по предмет - топоним
Географско понятие Дания
9 (RLIN) 178803
651 #4 - Допълнително описание по предмет - топоним
Географско понятие Швеция
9 (RLIN) 273643
651 #4 - Допълнително описание по предмет - топоним
Географско понятие Норвегия
9 (RLIN) 179287
651 #4 - Допълнително описание по предмет - топоним
Географско понятие България
9 (RLIN) 241624
651 #4 - Допълнително описание по предмет - топоним
Географско понятие Сърбия
9 (RLIN) 179630
651 #4 - Допълнително описание по предмет - топоним
Географско понятие Хърватия
9 (RLIN) 179753
651 #4 - Допълнително описание по предмет - топоним
Географско понятие Чехия
9 (RLIN) 179785
651 #4 - Допълнително описание по предмет - топоним
Географско понятие Полша
9 (RLIN) 179388
651 #4 - Допълнително описание по предмет - топоним
Географско понятие Русия
9 (RLIN) 179465
651 #4 - Допълнително описание по предмет - топоним
Географско понятие Румъния
9 (RLIN) 179459
651 #4 - Допълнително описание по предмет - топоним
Географско понятие Грузия
9 (RLIN) 178793
651 #4 - Допълнително описание по предмет - топоним
Географско понятие Азербайджан
9 (RLIN) 178513
651 #4 - Допълнително описание по предмет - топоним
Географско понятие Армения
9 (RLIN) 178546
651 #4 - Допълнително описание по предмет - топоним
Географско понятие Унгария
9 (RLIN) 268181
653 ## - Ключова дума – ненормативна
Ключова дума световна история
653 ## - Ключова дума – ненормативна
Ключова дума Средновековие
653 ## - Ключова дума – ненормативна
Ключова дума Европа
653 ## - Ключова дума – ненормативна
Ключова дума Азия
653 ## - Ключова дума – ненормативна
Ключова дума Африка
653 ## - Ключова дума – ненормативна
Ключова дума Византия
653 ## - Ключова дума – ненормативна
Ключова дума арабски страни
653 ## - Ключова дума – ненормативна
Ключова дума Монголска империя
653 ## - Ключова дума – ненормативна
Ключова дума славянски народи
653 ## - Ключова дума – ненормативна
Ключова дума кръстоносни походи
760 1# - Описание на основната серия
-- - на том(т. 8)
Редна дума на основното описание Бадак, Александр Николаевич
Място на издаване, издател и година Харвест, 2000
Страници - том 528 с.
Забележка - том 10 200 доп. тир.
Заглавие Т. 8 Крестоносцы и монголы
852 ## - Местоположение
Форматна сигнатура Цб 215111
856 4# - Електронен адрес и достъп
Електронен формат pdf - файл
Път до файла /url/
856 4# - Електронен адрес и достъп
Електронен формат pdf - файл
Път до файла /url/
942 ## - АРТИКУЛИ
Вид на библиотечния материал Книги
Скрит в OPAC Не
944 ## - СЪЗДАВАНЕ И РЕДАКЦИЯ на ЗАПИСА
Създаване/Редакция Създаване
Дата на регистрацията/редакция 01.01.2002
Служител, извършил регистрацията/редакцията
944 ## - СЪЗДАВАНЕ И РЕДАКЦИЯ на ЗАПИСА
Създаване/Редакция Редакция
Дата на регистрацията/редакция 23.06.2003
Служител, извършил регистрацията/редакцията
999 ## - СИСТЕМНИ КОНТРОЛНИ НОМЕРА
Koha biblionumber 101534
Koha biblioitemnumber 101534
Наличности
Код за отписване Код за изгубен артикул Източник на класификационната схема Код за повреда Коз за рестрикции Код за отдаване Артикулен № Име на библиотеката - собственик Име на библиотеката, в която се намира в момента Статус (Текущо местоположение) Дата на вписване в системата Местоположение - отдел Цена в лева Инвентарен номер Систематично азбучна сигнатура Баркод Номер на екземпляра Цена в евро Служебна бележка Служебен тип на артикула
  Не е изгубен Universal Decimal Classification Не е повреден без рестрикции ползва се в читалня 163532 Регионална библиотека "Любен Каравелов" Русе Регионална библиотека "Любен Каравелов" Русе Читалня 2003-06-12 Читалня 2.35 120000676716 Ч 93/94/В 88 120000676716 1 1.20 Дост: DA Вид: А N: 17 Дата: 10.06.2003 Дата инв: 28.03.2017 Бележки инв: Ч2017 Книги
Vip Innovations Ltd, Rousse, Bulgaria 2025